| 000 | 00943nam a2200241 a 4500 | ||
|---|---|---|---|
| 008 | 081022s1998 ||||||||||||||||| || u | ||
| 020 | _a082134143X | ||
| 050 | _aIBRD(08)TP/394 | ||
| 100 | _aShields, D | ||
| 245 | 1 | 0 |
_aIncentives for joint forest management in India: analytical methods and case studies _cby I. Hill and D. Shields |
| 260 |
_aWashington, D.C.: _bWorld Bank _c1998 |
||
| 300 | _axi, 112p.: ill. | ||
| 350 | _a0.00 | ||
| 490 | _aWORLD BANK TECHNICAL PAPER | ||
| 500 | _aTechnical Paper No. 394 | ||
| 650 | _aFOREST MANAGEMENT--INDIA--CITIZEN PARTICIPATION--CASE STUDIES | ||
| 650 | _aFORESTRY | ||
| 650 | _aFOREST POLICY--INDIA--CASE STUDIES | ||
| 650 | _aJOINT FOREST MANAGEMENT (INDIA)--CASE STUDIES | ||
| 700 | _aHill, I | ||
| 710 | _aWorld Bank | ||
| 995 |
_D0.00 _FCBU-MAIN LIBRARY (Kitwe) _H1 _I0.00 _M394 _UAVAILABLE _WOct 22, 2008 _ZInternational Publications |
||
| 999 |
_c46569 _d46569 |
||